|
|
|
|
| LEADER |
00000nam a2200000 a 4500 |
| 001 |
UCS1041 |
| 003 |
CL-VaPUC |
| 008 |
970506e19800000CK |||||||||||||||||spa|d |
| 082 |
0 |
4 |
|a 342.066
|b DRO
|2 21
|
| 100 |
0 |
|
|a Dromi, José Roberto
|e author
|9 385055
|
| 245 |
1 |
0 |
|a Derecho subjetivo y responsabilidad pública
|
| 300 |
|
|
|a 203 p
|
| 942 |
|
|
|c BK
|
| 945 |
|
|
|d 19970506 00:00:00
|a lriquelm
|
| 260 |
|
|
|a Bogotá
|b Temis
|c 1980
|
| 650 |
|
0 |
|a Responsabilidad administrativa
|9 256129
|
| 650 |
|
7 |
|a RESPONSABIBLIDAD DEL ESTADO
|2 CL-VaPUC
|9 256480
|
| 583 |
|
|
|a last modification
|c 19970506 00:00:00
|k Rodrigo Vera
|
| 999 |
|
|
|c 259152
|d 259150
|
| 952 |
|
|
|0 0
|1 0
|4 0
|6 342_066000000000000_DRO_1980
|7 0
|8 A
|9 283738
|a BIBDER
|b BIBDER
|d 2019-11-19
|i 1840363
|o 342.066 DRO 1980
|p 1840363
|r 2023-01-25
|w 2019-11-19
|y BK
|k DER
|